00686nam a2200241 a 4500001001300000003000900013005001700022008004100039020002300080082001500103100002000118245000900138260004300147300000900190500003500199505001800234650001200252700002000264902000800284942000700292952012800299999001700427nice12345678IN_TiNIC20260116014106.0070813s2007 oxfa grp 000 0 eng  a1851683461 c19500a335.4bCOL aCollier, Andrew aMarx aOxford bOne World Publications c2007 a170p aincludes index and biblioraphy2 abiblio, index aMarxism1 aCollier, Andrew bSRS cBK 001040708StackRoom-aHMIbHMId2007-08-13g195.00l4o335.4 COLp022083r2022-12-20s2022-12-06v195.00w2007-08-13yBK c13841d13841